00373nam a22001337a 4500003000700000005001700007008004100024082002600065100003800091245003300129260004300162300000800205650002600213MPLRDC20220104142809.0210129b ||||| |||| 00| 0 eng d a051.5233 CJ v.39 1965 a香港中文大学崇基学院编 a崇基校刊. 第卅九期c ab香港中文大学崇基学院c1965 b平 a学术纪要、学刊